| 000 | 00815cam a2200253 a 4500 | ||
|---|---|---|---|
| 001 | 1932647 | ||
| 005 | 20250221201539.0 | ||
| 008 | 860402s1987 ilua b 001 0 eng c | ||
| 020 | _a081516744X | ||
| 050 | 1 | 0 |
_aRD734 _b.P48 1987 |
| 082 | 0 | 0 |
_a616.7/0754 _219 |
| 245 | 0 | 0 |
_aPhysical examination of the musculoskeletal system / _c[edited by] Melvin Post. |
| 260 |
_aChicago : _bYear Book Medical Publishers, _cc1987. |
||
| 300 |
_axv, 311 p. : _bill. ; _c26 cm. |
||
| 650 | 0 |
_aOrthopedics _xDiagnosis. |
|
| 650 | 0 |
_aMusculoskeletal system _xDiseases _xDiagnosis. |
|
| 650 | 0 | _aPhysical diagnosis. | |
| 650 | 2 |
_aBone Diseases _xdiagnosis. |
|
| 650 | 2 |
_aJoint Diseases _xdiagnosis. |
|
| 650 | 2 | _aMusculoskeletal System. | |
| 650 | 2 | _aPhysical Examination. | |
| 700 | 1 |
_aPost, Melvin, _d1928- |
|
| 942 |
_2lcc _cBK _n0 |
||
| 999 |
_c4083 _d4083 |
||